| 000 | 00687nam a22002175i 4500 | ||
|---|---|---|---|
| 001 | 168876 | ||
| 003 | ES-MaACL | ||
| 005 | 20260525062936.0 | ||
| 008 | 080618s1950 ag |||| | spa d | ||
| 080 | _a27 | ||
| 100 | 1 |
_aUnamuno, Miguel de, _d1864-1936 _9111982 |
|
| 245 | 1 | 3 |
_aLa agonía del cristianismo / _cMiguel de Unamuno. |
| 250 | _a3ª ed. | ||
| 260 |
_aBuenos Aires : _bEspasa-Calpe Argentina, _c1950. |
||
| 300 |
_a145 p. ; _c18 cm. |
||
| 490 | 1 |
_aColección austral ; _v312 |
|
| 650 | 1 | 7 |
_aCristianismo _2embne _911425 |
| 830 | 1 |
_aColección austral _v312 _9177655 |
|
| 852 |
_aES-MaACL _jE-12209 _z- Biblioteca Jacinto Martínez Lacalle |
||
| 999 |
_c168876 _d168876 |
||